Psicoterapia-s y psicología comunitaria

Spremljeno u:
Bibliografski detalji
Glavni autor: Gissi Bustos, Jorge (Autor)
Format: Knjiga
Jezik:španjolski
Izdano: Santiago CPU 1991
Serija:Documento de Trabajo, 36
Teme:
Oznake: Dodaj oznaku
Bez oznaka, Budi prvi tko označuje ovaj zapis!

MARC

LEADER 00000nam a2200000 a 4500
001 UCL2823
003 CL-VaPUC
008 031107e19910000CL |||||||||||||||||spa|d
082 0 4 |a 616.8914  |b GIS  |2 21 
100 |a Gissi Bustos, Jorge  |e author  |9 527011 
245 1 0 |a Psicoterapia-s y psicología comunitaria 
300 |a 22 h 
942 |c BK 
945 |d 20031107 00:00:00  |a cmena 
260 |a Santiago  |b CPU  |c 1991 
650 7 |a PSICOTERAPIA  |2 CL-VaPUC  |9 479948 
650 0 |a Salud pública  |9 258913 
650 0 |a Psicología aplicada   |9 270762 
583 |a last modification  |c 20031107 00:00:00  |k Rodrigo Vera 
490 0 |a Documento de Trabajo, 36 
999 |c 306003  |d 306001 
952 |0 0  |1 0  |4 0  |6 616_891400000000000_GIS_1991  |7 0  |8 P  |9 370636  |a BIBEDU  |b BIBEDU  |c BIBEDU_PB  |d 2019-11-21  |i 3950263  |o 616.8914 GIS 1991  |p 3950263  |r 2024-01-25  |w 2019-11-21  |y BK  |k BME